000 00273nam a2200121 a 4500
008 101025s2009|||| d
100 1 _aNewton, Charlie
245 1 0 _aCalumet city
260 _bIkar
_aBratislava
_c2009
020 _c10,90
041 _aslo
044 _axo
_cSK
999 _c12170
_d12170